000 00932nam a22002537a 4500
003 BD-DhSAU
005 20170130140928.0
008 161006b2014 bg ad||| |||| 00| 0 eng d
040 _aBD-DhSAU
082 _222
_a631.521
_bM2788
100 _aMahmud, Md. Shakil
245 _aEffect of different genotypes on germination, vigour, growth and yield of Brassica rapa L.
_c Md. Shakil Mahmud
260 _aDhaka :
_bSher- e- Bangla Agricultural University ,
_c2014
300 _aix , 72 p. :
_bill. ;
_c30 cm.
504 _aIncludes references
590 _aKamim
650 _aSeeds
650 _aEffect of different genotypes on germination
650 _aVigour, growth and yield of Brassica rapa L.
700 _aBhuiyan, Md. Shahidur Rashid
_4Supervisor
700 _aAmin, Md. A.K.M. Ruhul
_4Co-Supervisor
856 _uhttp://archive.saulibrary.edu.bd:8080/handle/123456789/1077
_y Online Access
942 _2ddc
_cTHESIS
999 _c13614
_d13613